Statistiques concernant Stades de La Liga (2021-2022)

Cliquez ici pour prendre le quiz!

Statistiques générales

  • Ce quiz a été pris 68 fois
  • Le résultat moyen est 6 sur 20

Statistiques - réponses

ÉquipeStadeVilleCapacité% Correct
FC BarceloneCamp NouBarcelone99 354
100%
Real MadridSantiago BernabéuMadrid81 044
92%
Atletico MadridWanda MetropolitanoMadrid68 456
89%
Athletic BilbaoSan MamésBilbao53 289
66%
Valence CFMestallaValence53 000
49%
Séville FCRamón Sánchez PizjuánSéville43 883
33%
Real BetisBenito-VillamarínSéville60 721
31%
Villareal CFLa CeramicaVillareal24 890
25%
Real SociedadReale ArenaSaint-Sébastien39 500
16%
Espanyol BarceloneRCDE StadiumBarcelone40 000
11%
Rayo VallecanoVallecasMadrid14 708
11%
Levante UDStade Ciutat de ValènciaValence26 354
8%
Celta de VigoAbanca-BalaídosVigo29 000
5%
Getafe CFAlfonso PérezGetafe17 393
5%
Deportivo AlavésMendizorrozaVitoria-Gastéiz19 840
5%
CA OsasunaStade El SadarPampelune23 576
5%
Cadix CFRamón de CarranzaCadix20 724
3%
Elche CFMartínez ValeroElche36 017
2%
RCD MajorqueSon MoixPalma de Majorque23 142
2%
Grenade CFNuevo Los CármenesGrenade19 336
0%

Distribution des résultats

Percentile par nombre de réponses

% des personnes avec chaque résultat

Votre développement - résultats

Vous n’avez pas pris ce quiz